000 00225nam a2200097Ia 4500
005 20251222114407.0
008 251222s1900||||xx |||||||||||||| ||spa||
082 _aDVD0010/S57/2008
245 0 _aOperación Valkiria:
942 _cDVD
999 _c1879
_d1879